000
00206 a2200097 4500
001
13028
100
_a
Mittal,R.K
245
_a
Robotics and Control
260
_a
_b
Tata McGraw-Hill
_c
090
_c
10036
_d
10036
942
_a
NUST-CAE
_c
M
_c
44
999
_c
248101
_d
248101